000 00634nam a2200205 a 4500
005 20240228063839.0
008 021008s2001 mx r 000 0 spa d
020 _a9681663586
035 _aUPN01000120032
049 _aI
050 4 _aPZ74
_bV4.62
100 1 _aVentura, Antonio,
_d1954-
_931811
245 1 3 _aEl pájaro y la princesa /
_cAntonio Ventura ; il. Teresa Novoa.
260 _aMéxico :
_bFCE,
_c2001.
300 _a[24] p. :
_bprincipalmente il., col.
440 4 _aLos especiales de a la orilla del viento
650 4 _aCuentos infantiles
_96744
650 4 _aLibros y lectura para niños
_92290
905 _aInfantil
999 _c92382
_d92382